So sánh quá trình trích ly các chất có hoạt tính sinh học trong hoa đu đủ đực bằng phương pháp gia nhiệt và có hỗ trợ vi sóng. Ứng dụng vào sản phẩm hoa đu đủ mật ong : Báo cáo tổng kết đề tài nghiên cứu khoa học cấp Trường

Tallennettuna:
Bibliografiset tiedot
Päätekijä:  Nguyễn, Thị Tú
Aineistotyyppi: Kirja
Kieli:Undetermined
Julkaistu:  Đại học Công nghiệp TP. Hồ Chí Minh  2024
Aiheet:
Tagit: Lisää tagi
Ei tageja, Lisää ensimmäinen tagi!
Thư viện lưu trữ: Trung tâm Thư viện - Trường Đại học Công nghiệp TP. Hồ Chí Minh
LEADER 00882nam a2200157Ia 4500
001 IUH_2025_00543
008 251224s9999 xx 000 0 und d
082 |a  660.6 
100 |a  Nguyễn, Thị Tú 
245 0 |a  So sánh quá trình trích ly các chất có hoạt tính sinh học trong hoa đu đủ đực bằng phương pháp gia nhiệt và có hỗ trợ vi sóng. Ứng dụng vào sản phẩm hoa đu đủ mật ong : Báo cáo tổng kết đề tài nghiên cứu khoa học cấp Trường 
245 0 |c  Nguyễn, Thị Tú 
260 |b  Đại học Công nghiệp TP. Hồ Chí Minh 
260 |c  2024 
650 |a  Công nghệ sinh học; Hoa đu đủ;  
927 |a Đề tài khoa học 
980 |a Trung tâm Thư viện - Trường Đại học Công nghiệp TP. Hồ Chí Minh